|
|
|
|
| LEADER |
00000nam0a2200000 4500 |
| 001 |
5919 |
| 005 |
20231030175829.0 |
| 035 |
|
|
|a (RuTPU)RU\TPU\book\5948
|
| 035 |
|
|
|a BOOK00006001
|
| 090 |
|
|
|a 5919
|
| 100 |
|
|
|a 20011209d1997 km y0rusy50 ca
|
| 101 |
0 |
|
|a rus
|
| 102 |
|
|
|a RU
|
| 105 |
|
|
|a y z 000zy
|
| 200 |
1 |
|
|a Экология, экономика, энергетика
|a Методологические подходы к построению моделей эволюции социокультурных систем
|f Томский политехнический университет; Под ред. И. В. Мелик-Гайказян; В. Ф. Тарасенко
|
| 210 |
|
|
|a Томск
|c Изд-во ТПУ
|d 1997
|
| 215 |
|
|
|a 220 с.
|
| 610 |
1 |
|
|a экология
|
| 610 |
1 |
|
|a экономика
|
| 610 |
1 |
|
|a энергетика
|
| 610 |
1 |
|
|a природопользование
|
| 610 |
1 |
|
|a техногенез
|
| 675 |
|
|
|a 620.9:628
|v 3
|
| 686 |
|
|
|a У9(2)28
|v LBC/SL-A
|2 rubbk
|
| 702 |
|
1 |
|a Мелик-Гайказян
|b И. В.
|g Ирина Вигеновна
|4 340
|
| 702 |
|
1 |
|a Тарасенко
|b В. Ф.
|g Владимир Феликсович
|4 340
|
| 712 |
0 |
2 |
|a Томский политехнический университет
|2 stltpush
|3 (RuTPU)RU\TPU\col\376
|
| 801 |
|
0 |
|a RU
|b 63413507
|c 20011209
|g PSBO
|
| 801 |
|
2 |
|a RU
|b 63413507
|c 20201119
|g PSBO
|
| 942 |
|
|
|c BK
|